Production and operations management / (Record no. 58891)

MARC details
000 -LEADER
fixed length control field 00886nam a22002657a 4500
005 - DATE AND TIME OF LATEST TRANSACTION
control field 20111201152623.0
008 - FIXED-LENGTH DATA ELEMENTS--GENERAL INFORMATION
fixed length control field 111201t xxu||||| |||| 00| 0 eng d
010 ## - LCCN (DPL NO)
LC control number ENG-104273
020 ## - INTERNATIONAL STANDARD BOOK NUMBER
International Standard Book Number 9780071077927
Terms of availability 399.00
020 ## - INTERNATIONAL STANDARD BOOK NUMBER
International Standard Book Number 0071077928
Terms of availability 399.00
035 ## - SYSTEM CONTROL NUMBER
System control number EN-87806
037 ## - SOURCE OF ACQUISITION
Source of stock number/acquisition DBAD/PUB
040 ## - CATALOGING SOURCE
Original cataloging agency DPL
Language of cataloging Eng
082 ## - DEWEY DECIMAL CLASSIFICATION NUMBER
Classification number 658.5
100 ## - MAIN ENTRY--PERSONAL NAME
9 (RLIN) 36352
Personal name Garg, Ajay K.
245 ## - TITLE STATEMENT
Title Production and operations management /
Statement of responsibility, etc by Ajay K. Garg
260 ## - PUBLICATION, DISTRIBUTION, ETC. (IMPRINT)
Place of publication, distribution, etc New Delhi
Name of publisher, distributor, etc Tata McGraw Hill
Date of publication, distribution, etc 2012
270 ## - ADDRESS
Address 7 West Patel Nagar
City New Delhi
Postal code 110008
300 ## - PHYSICAL DESCRIPTION
Extent xxxiv,855p.:
Dimensions 24cm(pbk)
Other physical details col. ill
500 ## - GENERAL NOTE
General note Includes index
650 ## - SUBJECT ADDED ENTRY--TOPICAL TERM
9 (RLIN) 36353
700 ## - ADDED ENTRY--PERSONAL NAME
9 (RLIN) 36394
942 ## - ADDED ENTRY ELEMENTS (KOHA)
Source of classification or shelving scheme Dewey Decimal Classification
Item type English Books
Call number suffix GAR
Classification part 658.5
Holdings
Withdrawn status Lost status Source of classification or shelving scheme Damaged status Not for loan Collection code Home library Current library Date acquired Source of acquisition Cost, normal purchase price Total Checkouts Full call number Barcode Date last seen Copy number Cost, replacement price Koha item type
    Dewey Decimal Classification   Not For Loan Non-fiction D.B.Act.Division D.B.Act.Division 01/12/2011 D 399.00   658.5 GAR EN-87806 01/12/2011 1 399.00 English Books

© Delhi Public Library
Hit Counter
free hit counter